000 00678nam a2200253Ia 4500
003 OSt
005 20220918174044.0
006 a|||||r|||| 00| 0
007 ta
008 220917b |||||||| |||| 00| 0 eng d
024 _a10,209
037 _cTextual
040 _aARTS
_cARTS
_beng
041 _2eng
_aeng
082 _aQ7:33, L6
100 _aHaykal Muhammad Husayn
_948925
245 0 _aLife of Muhammad tr by Ismail A al Faruqi
260 _aAligarh
_bCrescent
_c1976
300 _axcvii,632p. illus
_ccm.
500 _aBib 595-618p
650 _aRELIGION
942 _hQ7:33, L6
_cTEXL
_2CC
999 _c151583
_d151583